Systém verejných rozpočtov v Spojených štátoch amerických
Tri úrovne rozpočtového systému USA. Rozpočet federálnej vlády. Federálne prebytky/deficity a celkový federálny dlh ako percento HDP (1970-2009). Štátne rozpočty. Rozpočty miestnych vlád. Štruktúra príjmov miestnych rozpočtov (2010). Federálne a štátne dotácie ako percento celkových príjmov miestnyc...
Na minha lista:
| Autor principal: | |
|---|---|
| Formato: | Capítulo de Livro |
| Idioma: | eslovaco |
| Assuntos: | |
| Tags: |
Sem tags, seja o primeiro a adicionar uma tag!
|
MARC
| LEADER | 00000nla a2200000 4500 | ||
|---|---|---|---|
| 001 | 0164850 | ||
| 005 | 20240502072858.1 | ||
| 041 | 0 | |a slo | |
| 044 | |a SK | ||
| 245 | 1 | 0 | |a Systém verejných rozpočtov v Spojených štátoch amerických |c Zuzana Neupauerová |
| 520 | |a Tri úrovne rozpočtového systému USA. Rozpočet federálnej vlády. Federálne prebytky/deficity a celkový federálny dlh ako percento HDP (1970-2009). Štátne rozpočty. Rozpočty miestnych vlád. Štruktúra príjmov miestnych rozpočtov (2010). Federálne a štátne dotácie ako percento celkových príjmov miestnych vlád. | ||
| 610 | 2 | 0 | |a financie verejné |
| 610 | 2 | 0 | |a rozpočty |
| 610 | 2 | 0 | |a príjmy |
| 610 | 2 | 0 | |a štát |
| 610 | 2 | 0 | |a vláda |
| 610 | 2 | 0 | |a USA |
| 100 | 1 | |a Neupauerová, Zuzana | |